[Event "III Torneo Banco di Roma"]
[Site "Roma ITA"]
[Date "1979.03.??"]
[Round "7"]
[White "Hug, Werner"]
[Black "Schmidt, Wlodzimierz"]
[Result "1/2-1/2"]
[WhiteElo "2460"]
[BlackElo "2430"]
[PlyCount "29"]
[EventDate "1979.03.18"]

1. g3 g6 2. Bg2 Bg7 3. e4 c5 4. Nc3 Nc6 5. d3 d6 6. f4 e6 7. Nf3 Nge7 8. O-O
O-O 9. Be3 Nd4 10. Rb1 Rb8 11. Ne2 Nxf3+ 12. Bxf3 b6 13. Bf2 e5 14. fxe5 dxe5
15. c4 1/2-1/2

[Event "III Torneo Banco di Roma"]
[Site "Roma ITA"]
[Date "1979.03.??"]
[Round "7"]
[White "Keene, Raymond Dennis"]
[Black "Toth, Bela"]
[Result "1-0"]
[WhiteElo "2465"]
[BlackElo "2470"]
[PlyCount "81"]
[EventDate "1979.03.18"]

1. d4 Nf6 2. c4 e6 3. Nc3 Bb4 4. e3 O-O 5. Bd3 d5 6. a3 Bxc3+ 7. bxc3 dxc4 8.
Bxc4 c5 9. Ne2 Qc7 10. Bd3 e5 11. O-O e4 12. Bc2 Nc6 13. f3 cxd4 14. cxd4 exf3
15. Rxf3 Bg4 16. Rxf6 gxf6 17. Qd3 Rfd8 18. Qxh7+ Kf8 19. Nf4 Rac8 20. Bd2 a5
21. Bb3 Qd7 22. Rf1 Bf5 23. Qh6+ Ke7 24. Qg7 Be4 25. Qxf7+ Kd6 26. Qxf6+ Kc7
27. Ne6+ Kb6 28. Nxd8 Qg4 29. Rf2 Rxd8 30. Qf4 Qg6 31. Bf7 Qh7 32. Be6 Rh8 33.
Bc3 Ka7 34. d5 Re8 35. Bf7 Rd8 36. dxc6 Bxc6 37. Bd4+ Ka8 38. Qf5 Qh4 39. Qxa5+
Kb8 40. Be5+ Kc8 41. Qc7# 1-0

[Event "III Torneo Banco di Roma"]
[Site "Roma ITA"]
[Date "1979.03.??"]
[Round "7"]
[White "Passerotti, Pierluigi"]
[Black "Marovic, Drazen"]
[Result "1/2-1/2"]
[WhiteElo "2340"]
[BlackElo "2470"]
[PlyCount "95"]
[EventDate "1979.03.18"]

1. e4 e6 2. d3 d5 3. Nd2 Nf6 4. Ngf3 b6 5. c3 Be7 6. a3 O-O 7. e5 Nfd7 8. d4 f6
9. exf6 Bxf6 10. Be2 e5 11. dxe5 Nxe5 12. Nxe5 Bxe5 13. Nf3 Bf6 14. O-O c5 15.
Bf4 Nc6 16. Qd2 Be6 17. Ng5 Bxg5 18. Bxg5 Qd6 19. Rad1 d4 20. Qc2 Qe5 21. Bc1
c4 22. f4 Qc5 23. Bf3 d3+ 24. Qf2 Qxf2+ 25. Rxf2 Rac8 26. g4 Rfd8 27. Bxc6 Rxc6
28. f5 Bd5 29. Bg5 Re8 30. h3 h6 31. Bd2 Rcc8 32. Rdf1 Kf7 33. Re1 Rxe1+ 34.
Bxe1 Re8 35. Bd2 Bc6 36. Rf1 Re2 37. Rf2 Re5 38. Rf1 Re2 39. Rf2 Re5 40. Rf1
Rb5 41. Bc1 d2 42. Bxd2 Rxb2 43. Rf2 Rb3 44. h4 Rxa3 45. g5 hxg5 46. hxg5 Be4
47. f6 Ra1+ 48. Kh2 1/2-1/2

[Event "III Torneo Banco di Roma"]
[Site "Roma ITA"]
[Date "1979.03.??"]
[Round "7"]
[White "Pinter, Jozsef"]
[Black "Mariotti, Sergio"]
[Result "1/2-1/2"]
[WhiteElo "2445"]
[BlackElo "2485"]
[PlyCount "23"]
[EventDate "1979.03.18"]

1. d4 e6 2. Nf3 Nf6 3. c4 c5 4. e3 d5 5. Nc3 Nc6 6. cxd5 exd5 7. Be2 Be7 8. O-O
O-O 9. b3 Ne4 10. Bb2 cxd4 11. Nxe4 dxe4 12. Nxd4 1/2-1/2

[Event "III Torneo Banco di Roma"]
[Site "Roma ITA"]
[Date "1979.03.??"]
[Round "7"]
[White "Tatai, Stefano"]
[Black "Coppini, Giorgio"]
[Result "1-0"]
[WhiteElo "2475"]
[BlackElo "2285"]
[PlyCount "81"]
[EventDate "1979.03.18"]

1. Nf3 d5 2. b3 Bf5 3. Bb2 e6 4. e3 Nf6 5. Be2 Bd6 6. Ne5 Nfd7 7. d4 c5 8. Nf3
O-O 9. O-O Nc6 10. c4 cxd4 11. exd4 Be4 12. Qd2 Qf6 13. c5 Bf4 14. Qc3 Qh6 15.
g3 Bc7 16. Qe3 Qh3 17. Nbd2 f5 18. Nxe4 fxe4 19. Ne1 Rf6 20. f4 Raf8 21. Nc2
Rh6 22. Rf2 Nf6 23. Raf1 Ng4 24. Bxg4 Qxg4 25. Qe2 Qh3 26. Ne3 Rg6 27. Rg2 Ne7
28. b4 Nf5 29. Nxf5 Rxf5 30. Bc1 h5 31. Be3 Rgf6 32. Rgf2 a6 33. a4 Rg6 34. Rg2
Rgf6 35. b5 g5 36. bxa6 bxa6 37. Qxa6 gxf4 38. Qc8+ Kh7 39. Bxf4 Bxf4 40. gxf4
Qe3+ 41. Kh1 1-0

[Event "III Torneo Banco di Roma"]
[Site "Roma ITA"]
[Date "1979.03.??"]
[Round "8"]
[White "Cappello, Renato"]
[Black "Pinter, Jozsef"]
[Result "1/2-1/2"]
[WhiteElo "2405"]
[BlackElo "2445"]
[PlyCount "269"]
[EventDate "1979.03.18"]

1. e4 c5 2. Nf3 e6 3. d4 cxd4 4. Nxd4 Nf6 5. Nc3 Nc6 6. Nxc6 bxc6 7. e5 Nd5 8.
Nxd5 cxd5 9. Bd3 Qc7 10. Qe2 Bb4+ 11. Kf1 Rb8 12. Bf4 Be7 13. b3 Bb7 14. h4 Bc6
15. Rd1 h5 16. a4 Rb4 17. g3 Qb7 18. f3 Qc7 19. Rh2 Bc5 20. Bd2 Rb8 21. Be3 Qb6
22. Bxc5 Qxc5 23. Qd2 f6 24. Re1 Ke7 25. Rf2 a5 26. f4 f5 27. Kg1 Rhc8 28. Qe2
g6 29. Qe3 Qc3 30. Qd2 Ba8 31. Kf1 Qxd2 32. Rxd2 Rc3 33. Ke2 Rb4 34. Kd1 d4 35.
Bc4 Rxg3 36. Rxd4 Bd5 37. Rd3 Rxd3+ 38. cxd3 Bxc4 39. bxc4 Rxa4 40. Kd2 Ra2+
41. Ke3 a4 42. Rg1 Kf7 43. Rb1 a3 44. Rb7 Ke7 45. Ra7 Ra1 46. Kf3 a2 47. Kg2
Kd8 48. Ra6 Kc7 49. d4 Kb7 50. Ra5 Rc1 51. Rxa2 Rxc4 52. Kf3 Rxd4 53. Rc2 Rd3+
54. Kg2 Rd1 55. Rc3 Rd2+ 56. Kg3 Ra2 57. Rd3 Kc7 58. Rc3+ Kd8 59. Rb3 Ra8 60.
Rb2 Ke7 61. Rb7 Ra3+ 62. Kg2 Ra6 63. Kg3 Kd8 64. Rb1 Kc7 65. Rc1+ Rc6 66. Ra1
Rc3+ 67. Kg2 Kc6 68. Rd1 d5 69. exd6 Kd7 70. Rd2 Rc6 71. Kf3 Rxd6 72. Ra2 Rd3+
73. Kg2 Ke7 74. Ra7+ Rd7 75. Ra6 Rd6 76. Ra7+ Kf6 77. Ra5 Rd3 78. Ra7 Rd6 79.
Ra5 Rb6 80. Kg3 Rb3+ 81. Kg2 Re3 82. Ra6 Re4 83. Kg3 Rd4 84. Ra7 Rd1 85. Kg2
Re1 86. Ra6 Rc1 87. Ra7 Rc8 88. Kg3 Re8 89. Ra6 Re7 90. Kf3 Kg7 91. Ra5 Rd7 92.
Kg3 Rd6 93. Ra7+ Kh6 94. Re7 Rd3+ 95. Kg2 Re3 96. Ra7 e5 97. fxe5 Rxe5 98. Kg3
Re3+ 99. Kg2 Re8 100. Kg3 Rg8 101. Kf4 Rg7 102. Ra6 Re7 103. Ra4 Re1 104. Rb4
Kg7 105. Rb7+ Kf6 106. Rb6+ Re6 107. Rb4 Ra6 108. Rc4 Ra3 109. Rc6+ Kf7 110.
Rc7+ Ke8 111. Rc6 Ra4+ 112. Kg3 Kd7 113. Rb6 Re4 114. Ra6 Re6 115. Ra7+ Kd6
116. Ra5 Re4 117. Ra6+ Ke5 118. Kh3 Rg4 119. Ra5+ Kd4 120. Ra4+ Kc5 121. Ra5+
Kb6 122. Ra1 f4 123. Rc1 Kb5 124. Rc8 Kb4 125. Rc6 Rg1 126. Kh2 Rg3 127. Rc8
Kb5 128. Rc7 Kb6 129. Rc8 Rg4 130. Kh3 Rg1 131. Kh2 Kb7 132. Kxg1 Kxc8 133. Kf2
g5 134. hxg5 Kd7 135. Kf3 1/2-1/2

[Event "III Torneo Banco di Roma"]
[Site "Roma ITA"]
[Date "1979.03.??"]
[Round "8"]
[White "Hug, Werner"]
[Black "Passerotti, Pierluigi"]
[Result "1-0"]
[WhiteElo "2460"]
[BlackElo "2340"]
[PlyCount "105"]
[EventDate "1979.03.18"]

1. e4 c5 2. Nf3 g6 3. c3 d5 4. exd5 Qxd5 5. d4 Bg7 6. Be2 Nf6 7. O-O O-O 8. Na3
cxd4 9. Nxd4 a6 10. Bf3 Qc5 11. Qb3 e5 12. Ndc2 e4 13. Be2 b5 14. Be3 Qc7 15.
Nd4 Nbd7 16. h3 Nc5 17. Qd1 Bb7 18. Qd2 Nd5 19. Bh6 Bxh6 20. Qxh6 Nf4 21. Nac2
Rad8 22. Rfe1 Ncd3 23. Bxd3 Nxd3 24. Re3 Rd6 25. Rb1 f5 26. f3 f4 27. Re2 e3
28. Nxe3 fxe3 29. Rxe3 Nf4 30. Rbe1 Qg7 31. Qh4 g5 32. Qg3 Rdf6 33. Re7 R6f7
34. Rxf7 Rxf7 35. h4 h6 36. Ne6 Qg6 37. Nxf4 Rxf4 38. hxg5 Qxg5 39. Qh3 Qg6 40.
Qd7 Rf7 41. Re8+ Kh7 42. Qd8 Qf5 43. Rh8+ Kg6 44. Qd6+ Qf6 45. Qg3+ Kf5 46.
Qh3+ Kf4 47. Rxh6 Qf5 48. Qh4+ Ke3 49. Qe1+ Kd3 50. Qd1+ Ke3 51. Re6+ Kf4 52.
Qd2+ Kg3 53. Qf2+ 1-0

[Event "III Torneo Banco di Roma"]
[Site "Roma ITA"]
[Date "1979.03.??"]
[Round "8"]
[White "Mariotti, Sergio"]
[Black "Tatai, Stefano"]
[Result "1-0"]
[WhiteElo "2485"]
[BlackElo "2475"]
[PlyCount "151"]
[EventDate "1979.03.18"]

1. d4 Nf6 2. Nf3 b6 3. Bf4 Ba6 4. Nbd2 c5 5. dxc5 bxc5 6. e4 Bxf1 7. Nxf1 d5 8.
exd5 Nxd5 9. c3 e6 10. Bg3 Nd7 11. N1d2 Be7 12. O-O O-O 13. Nc4 a5 14. a4 N7b6
15. Nfd2 Qc8 16. Qb3 Qa6 17. Rfd1 Ra7 18. Qb5 Rfa8 19. Na3 Qc8 20. Qb3 Qc6 21.
Qb5 Qc8 22. Qe2 Rd7 23. c4 Nb4 24. b3 Rd3 25. Nc2 Nxc2 26. Qxd3 Nxa1 27. Rxa1
Qd7 28. Qxd7 Nxd7 29. Ne4 Ra7 30. Rb1 Kf8 31. Kf1 f6 32. Nc3 Rb7 33. Nb5 e5 34.
f4 Kf7 35. fxe5 fxe5 36. Be1 Nb8 37. Bxa5 Nc6 38. Bc3 Nd4 39. Bxd4 exd4 40. Ke2
Rb6 41. Nc7 Bd8 42. Nd5 Re6+ 43. Kd3 Ba5 44. b4 Bxb4 45. Nxb4 Re3+ 46. Kd2 cxb4
47. Rxb4 Ra3 48. c5 Rc3 49. Rxd4 Rxc5 50. Re4 h5 51. Re3 Ra5 52. Ra3 Ke6 53.
Kc3 Kd5 54. Kb4 Ra7 55. a5 Rb7+ 56. Kc3 Kc5 57. a6 Ra7 58. h4 Kb6 59. Rb3+ Kc5
60. Ra3 Kb6 61. Kd2 Rd7+ 62. Rd3 Rf7 63. Rd6+ Kc5 64. Rg6 Kd4 65. Ke2 Re7+ 66.
Kf2 Ra7 67. Kg3 Ke4 68. Rb6 Kf5 69. Rb5+ Kf6 70. Ra5 Kg6 71. Kf4 Kf6 72. g3 g6
73. Ke4 Ke6 74. Kd4 Kd7 75. Ke5 Ke7 76. Ra3 1-0

[Event "III Torneo Banco di Roma"]
[Site "Roma ITA"]
[Date "1979.03.??"]
[Round "8"]
[White "Marovic, Drazen"]
[Black "Csom, Istvan"]
[Result "1/2-1/2"]
[WhiteElo "2470"]
[BlackElo "2510"]
[PlyCount "40"]
[EventDate "1979.03.18"]

1. d4 Nf6 2. c4 e6 3. Nf3 b6 4. g3 Bb7 5. Bg2 Be7 6. O-O O-O 7. Nc3 Ne4 8. Qc2
Nxc3 9. Qxc3 Be4 10. Ne1 Bxg2 11. Nxg2 c5 12. d5 exd5 13. cxd5 Bf6 14. Qc2 Re8
15. Re1 d6 16. Bd2 Nd7 17. Bc3 b5 18. a4 a6 19. axb5 axb5 20. Rxa8 Qxa8 1/2-1/2

[Event "III Torneo Banco di Roma"]
[Site "Roma ITA"]
[Date "1979.03.??"]
[Round "8"]
[White "Schmidt, Wlodzimierz"]
[Black "Toth, Bela"]
[Result "1-0"]
[WhiteElo "2430"]
[BlackElo "2470"]
[PlyCount "73"]
[EventDate "1979.03.18"]

1. d4 Nf6 2. c4 e6 3. Nf3 b6 4. g3 Ba6 5. b3 Bb4+ 6. Bd2 Be7 7. Nc3 d5 8. cxd5
exd5 9. Bg2 O-O 10. O-O Bb7 11. Rc1 Na6 12. Ne5 c5 13. Be3 Nc7 14. dxc5 Bxc5
15. Bxc5 bxc5 16. Na4 Ne6 17. Nd3 c4 18. Ndc5 Nxc5 19. Nxc5 Bc6 20. bxc4 Rc8
21. cxd5 Bxd5 22. Bxd5 Nxd5 23. Qd4 Qg5 24. Rfd1 Nf4 25. Qxf4 Rxc5 26. Rxc5
Qxc5 27. Rd7 h6 28. Qe4 a5 29. a4 Rb8 30. e3 Rc8 31. Rd5 Qc7 32. h4 Rd8 33. Rb5
Rb8 34. Re5 Qb6 35. Qd5 Qb4 36. Qxa5 Qe1+ 37. Qxe1 1-0

[Event "III Torneo Banco di Roma"]
[Site "Roma ITA"]
[Date "1979.03.??"]
[Round "9"]
[White "Csom, Istvan"]
[Black "Schmidt, Wlodzimierz"]
[Result "1/2-1/2"]
[WhiteElo "2510"]
[BlackElo "2430"]
[PlyCount "89"]
[EventDate "1979.03.18"]

1. c4 c5 2. Nf3 g6 3. e4 Bg7 4. d4 Qa5+ 5. Bd2 Qb6 6. Bc3 cxd4 7. Bxd4 Bxd4 8.
Qxd4 Qxd4 9. Nxd4 Nc6 10. Nc2 d6 11. Nc3 Nf6 12. Nd5 Nxd5 13. cxd5 Ne5 14. Be2
Nd7 15. Nd4 Nc5 16. f3 Bd7 17. b4 Na4 18. Kd2 O-O 19. Rhc1 Rfc8 20. a3 Kf8 21.
Nb3 Rxc1 22. Rxc1 Rc8 23. Rxc8+ Bxc8 24. Kd3 e6 25. dxe6 Bxe6 26. Na5 Bc8 27.
Kd4 Nb6 28. f4 Nd7 29. Bg4 Ke7 30. Bh3 f6 31. Nc4 g5 32. g3 gxf4 33. gxf4 Nb6
34. Bxc8 Nxc8 35. Na5 b5 36. Nb3 Kd7 37. Nd2 Ne7 38. Nf3 a6 39. Kd3 d5 40. Nd4
Kd6 41. Ke3 Nc8 42. Nf5+ Ke6 43. Nd4+ Kd6 44. Nf5+ Ke6 45. Nd4+ 1/2-1/2

[Event "III Torneo Banco di Roma"]
[Site "Roma ITA"]
[Date "1979.03.??"]
[Round "9"]
[White "Keene, Raymond Dennis"]
[Black "Marovic, Drazen"]
[Result "1/2-1/2"]
[WhiteElo "2465"]
[BlackElo "2470"]
[PlyCount "34"]
[EventDate "1979.03.18"]

1. d4 d5 2. c4 e6 3. Nc3 Be7 4. Nf3 Nf6 5. Bg5 O-O 6. e3 Nbd7 7. Rc1 c6 8. a3
Re8 9. Bd3 dxc4 10. Bxc4 Nd5 11. Bxe7 Qxe7 12. O-O Nxc3 13. Rxc3 b6 14. Qe2 Bb7
15. Ba6 Bxa6 16. Qxa6 c5 17. Qb7 e5 1/2-1/2

[Event "III Torneo Banco di Roma"]
[Site "Roma ITA"]
[Date "1979.03.??"]
[Round "9"]
[White "Toth, Bela"]
[Black "Cappello, Renato"]
[Result "1/2-1/2"]
[WhiteElo "2470"]
[BlackElo "2405"]
[PlyCount "68"]
[EventDate "1979.03.18"]

1. d4 e6 2. c4 Bb4+ 3. Nd2 d5 4. Qc2 Nf6 5. Ngf3 O-O 6. g3 c5 7. a3 Bxd2+ 8.
Bxd2 cxd4 9. Nxd4 dxc4 10. Qxc4 e5 11. Nc2 Be6 12. Qa4 Qd5 13. f3 b5 14. Qa5
Nc6 15. Ne3 Qd7 16. Qxb5 Rab8 17. Qd3 Qxd3 18. exd3 Rxb2 19. Nd1 Rb3 20. Kf2
Nd4 21. Be2 Rc8 22. Rc1 Nd5 23. Ne3 Rb2 24. Rxc8+ Bxc8 25. Nc4 Ra2 26. Rb1 Nb6
27. Rb2 Rxb2 28. Nxb2 Nxe2 29. Kxe2 Nd5 30. Na4 Kf8 31. Nc5 Ke7 32. d4 exd4 33.
Kd3 Nc7 34. Kxd4 Ne6+ 1/2-1/2

[Event "III Torneo Banco di Roma"]
[Site "Roma ITA"]
[Date "1979.03.??"]
[Round "10"]
[White "Cappello, Renato"]
[Black "Keene, Raymond Dennis"]
[Result "1-0"]
[WhiteElo "2405"]
[BlackElo "2465"]
[PlyCount "77"]
[EventDate "1979.03.18"]

1. e4 g6 2. d4 Bg7 3. c4 d6 4. Nc3 Nf6 5. f3 O-O 6. Be3 Nc6 7. Qd2 Re8 8. Nge2
Rb8 9. g4 a6 10. O-O-O b5 11. h4 Na5 12. Ng3 c5 13. h5 cxd4 14. Bxd4 Nc6 15.
hxg6 hxg6 16. Be3 Bxg4 17. Be2 b4 18. Nd5 Qa5 19. b3 Bd7 20. Bh6 Qa3+ 21. Kb1
Nxd5 22. Bxg7 Nc3+ 23. Bxc3 bxc3 24. Qxc3 e5 25. Rd2 a5 26. Qe3 f6 27. Rh8+
Kxh8 28. Qh6+ Kg8 29. Qxg6+ Kf8 30. Qxf6+ Kg8 31. Nh5 Re7 32. Qg6+ Kf8 33. Qh6+
Kg8 34. Bd1 Be6 35. Nf6+ Kf7 36. Rg2 Bg4 37. Rxg4 Ke6 38. Qh3 Kxf6 39. Qh6+ 1-0

[Event "III Torneo Banco di Roma"]
[Site "Roma ITA"]
[Date "1979.03.??"]
[Round "10"]
[White "Hug, Werner"]
[Black "Pinter, Jozsef"]
[Result "1/2-1/2"]
[WhiteElo "2460"]
[BlackElo "2445"]
[PlyCount "41"]
[EventDate "1979.03.18"]

1. e4 e5 2. Nf3 Nc6 3. Bc4 Bc5 4. d3 Nf6 5. Nc3 d6 6. Bg5 h6 7. Bxf6 Qxf6 8.
Nd5 Qd8 9. c3 a6 10. d4 exd4 11. cxd4 Ba7 12. h3 O-O 13. O-O Na5 14. Bd3 c5 15.
dxc5 dxc5 16. Qd2 Be6 17. Rad1 b5 18. Bb1 Nc6 19. Qc2 g6 20. Nf4 Qf6 21. Nd5
1/2-1/2

[Event "III Torneo Banco di Roma"]
[Site "Roma ITA"]
[Date "1979.03.??"]
[Round "10"]
[White "Mariotti, Sergio"]
[Black "Toth, Bela"]
[Result "0-1"]
[WhiteElo "2485"]
[BlackElo "2470"]
[PlyCount "52"]
[EventDate "1979.03.18"]

1. d4 Nf6 2. Nf3 d5 3. c4 e6 4. Nc3 Be7 5. e3 O-O 6. Bd3 c5 7. O-O Nc6 8. a3 a6
9. b3 cxd4 10. exd4 b6 11. Bb2 Bb7 12. Na4 dxc4 13. bxc4 Rc8 14. Qe2 Na5 15.
Ne5 Nxc4 16. Nxc4 b5 17. Ncb6 Rb8 18. Rac1 bxa4 19. Nxa4 a5 20. Nc5 Ba8 21.
Rfd1 Qd5 22. f3 Qh5 23. d5 Bd6 24. g4 Qxh2+ 25. Qxh2 Bxh2+ 26. Kxh2 Rxb2+ 0-1

[Event "III Torneo Banco di Roma"]
[Site "Roma ITA"]
[Date "1979.03.??"]
[Round "10"]
[White "Marovic, Drazen"]
[Black "Tatai, Stefano"]
[Result "1/2-1/2"]
[WhiteElo "2470"]
[BlackElo "2475"]
[PlyCount "26"]
[EventDate "1979.03.18"]

1. c4 e6 2. d4 Nf6 3. Nc3 d5 4. Bg5 Be7 5. e3 O-O 6. Nf3 h6 7. Bh4 Ne4 8. Bxe7
Qxe7 9. cxd5 Nxc3 10. bxc3 exd5 11. Qb3 Rd8 12. c4 dxc4 13. Bxc4 Nc6 1/2-1/2

[Event "III Torneo Banco di Roma"]
[Site "Roma ITA"]
[Date "1979.03.??"]
[Round "10"]
[White "Passerotti, Pierluigi"]
[Black "Csom, Istvan"]
[Result "1-0"]
[WhiteElo "2340"]
[BlackElo "2510"]
[PlyCount "72"]
[EventDate "1979.03.18"]

1. e4 c5 2. b3 Nc6 3. Bb2 d6 4. Bb5 Bd7 5. f4 Nf6 6. Nc3 a6 7. Be2 b5 8. Bf3
Rc8 9. Nd5 Nd4 10. Nxf6+ gxf6 11. Bh5 Qb6 12. Ne2 Rg8 13. O-O f5 14. Ng3 fxe4
15. Nxe4 h6 16. c3 Nf5 17. c4 Bg7 18. Bxg7 Rxg7 19. Qe2 Kf8 20. Rae1 Rb8 21.
Ng3 Qd8 22. Nxf5 Bxf5 23. Bf3 bxc4 24. Qxc4 a5 25. a3 Qb6 26. Re3 e6 27. Rc1
Rg8 28. Kf2 Qd8 29. g3 Qf6 30. Be4 Bxe4 31. Qxe4 Qb2 32. Rc2 Qf6 33. Qc6 Qd8
34. Rd3 Rb6 35. Qxc5 Qb8 36. Qxa5 Rxb3 1-0

[Event "III Torneo Banco di Roma"]
[Site "Roma ITA"]
[Date "1979.03.??"]
[Round "10"]
[White "Schmidt, Wlodzimierz"]
[Black "Coppini, Giorgio"]
[Result "1-0"]
[WhiteElo "2430"]
[BlackElo "2285"]
[PlyCount "121"]
[EventDate "1979.03.18"]

1. d4 d5 2. c4 c6 3. Nf3 Nf6 4. Nc3 dxc4 5. a4 Bf5 6. e3 e6 7. Bxc4 Bb4 8. O-O
O-O 9. Nh4 Bg4 10. f3 Nd5 11. fxg4 Qxh4 12. Qf3 Bd6 13. h3 Qe7 14. a5 Nb4 15.
Ne4 Nd7 16. Bd2 Rab8 17. g5 Bc7 18. Qg4 Kh8 19. Rf3 Nd5 20. Raf1 Rbe8 21. Qh4
f5 22. gxf6 gxf6 23. b4 f5 24. Qxe7 Rxe7 25. Nc5 Nxc5 26. bxc5 Rg8 27. Rb1 Reg7
28. Rf2 a6 29. Rb3 Re8 30. Re2 Nf6 31. Be1 Ne4 32. Reb2 Ree7 33. Bh4 Ng5 34.
Bxg5 Rxg5 35. Rxb7 Rgg7 36. Bxa6 Bxa5 37. Rxe7 Rxe7 38. Rb8+ Kg7 39. Rc8 Rc7
40. Rxc7+ Bxc7 41. Bb7 f4 42. Kf2 fxe3+ 43. Kxe3 Bh2 44. Bxc6 Bg1+ 45. Ke4 Kf6
46. Kd3 Ke7 47. Kc4 Bf2 48. g4 Kd8 49. Be4 h6 50. d5 exd5+ 51. Kxd5 Kc7 52. c6
Bg3 53. Ke6 Bf4 54. Kf5 Bd2 55. h4 Kd6 56. g5 hxg5 57. hxg5 Ke7 58. Kg6 Be3 59.
Bc2 Bc1 60. Ba4 Bf4 61. Kh7 1-0

[Event "III Torneo Banco di Roma"]
[Site "Roma ITA"]
[Date "1979.03.??"]
[Round "11"]
[White "Csom, Istvan"]
[Black "Hug, Werner"]
[Result "1/2-1/2"]
[WhiteElo "2510"]
[BlackElo "2460"]
[PlyCount "24"]
[EventDate "1979.03.18"]

1. c4 g6 2. Nc3 Bg7 3. g3 e5 4. Bg2 Ne7 5. e4 O-O 6. Nge2 d6 7. O-O c5 8. d3
Nbc6 9. Bd2 Rb8 10. Rc1 a6 11. f4 exf4 12. Bxf4 b5 1/2-1/2

[Event "III Torneo Banco di Roma"]
[Site "Roma ITA"]
[Date "1979.03.??"]
[Round "11"]
[White "Keene, Raymond Dennis"]
[Black "Mariotti, Sergio"]
[Result "1/2-1/2"]
[WhiteElo "2465"]
[BlackElo "2485"]
[PlyCount "86"]
[EventDate "1979.03.18"]

1. d4 Nf6 2. c4 e6 3. Nc3 Bb4 4. e3 c5 5. Nge2 cxd4 6. exd4 d5 7. c5 e5 8. a3
Bxc3+ 9. Nxc3 exd4 10. Qxd4 O-O 11. Bg5 Nc6 12. Qh4 Re8+ 13. Be2 d4 14. Bxf6
Qxf6 15. Qxf6 gxf6 16. Nd5 Re5 17. Nxf6+ Kg7 18. Nh5+ Kh6 19. Nf4 Bf5 20. O-O
Re4 21. g3 Rg8 22. Kh1 d3 23. Bf3 Ne5 24. Bxe4 Bxe4+ 25. f3 Nxf3 26. Kg2 Ne5+
27. Kf2 Ng4+ 28. Ke1 Nxh2 29. Rf2 Nf3+ 30. Rxf3 Bxf3 31. Kf2 Be4 32. Rd1 Kg5
33. Nxd3 Rd8 34. Ke3 f5 35. b4 Bc6 36. Rg1 Re8+ 37. Kf2 Re6 38. Rd1 Rh6 39. Ne5
Rh2+ 40. Ke3 Ra2 41. Nxc6 bxc6 42. Rd3 a6 43. Kd4 Re2 1/2-1/2

[Event "III Torneo Banco di Roma"]
[Site "Roma ITA"]
[Date "1979.03.??"]
[Round "11"]
[White "Passerotti, Pierluigi"]
[Black "Schmidt, Wlodzimierz"]
[Result "0-1"]
[WhiteElo "2340"]
[BlackElo "2430"]
[PlyCount "94"]
[EventDate "1979.03.18"]

1. b4 e5 2. Bb2 f6 3. a3 d5 4. e3 Be6 5. d3 Nh6 6. Nd2 Nf7 7. c4 c6 8. f4 Bd6
9. g3 O-O 10. Ngf3 Re8 11. fxe5 fxe5 12. Bg2 Nd7 13. O-O Bf8 14. Qc2 g6 15. e4
d4 16. c5 Qe7 17. Nc4 b6 18. cxb6 axb6 19. Bc1 b5 20. Na5 c5 21. Rb1 Rec8 22.
Qe2 c4 23. h4 Nb6 24. Bg5 Qd7 25. Bf6 Bg7 26. Ng5 cxd3 27. Qxd3 Nxg5 28. hxg5
Rc3 29. Qd2 Rxg3 30. Bxg7 Bh3 31. Rf2 Kxg7 32. Rbf1 Qg4 33. Qa2 Nc4 34. Nxc4
Rxg2+ 35. Rxg2 Qxg2+ 36. Qxg2 Bxg2 37. Kxg2 bxc4 38. Ra1 c3 39. Kf2 c2 40. Rc1
d3 41. Ke3 Rxa3 42. b5 Rb3 43. b6 h6 44. gxh6+ Kxh6 45. b7 g5 46. b8=Q Rxb8 47.
Kxd3 Rc8 0-1

[Event "III Torneo Banco di Roma"]
[Site "Roma ITA"]
[Date "1979.03.??"]
[Round "11"]
[White "Pinter, Jozsef"]
[Black "Marovic, Drazen"]
[Result "1/2-1/2"]
[WhiteElo "2445"]
[BlackElo "2470"]
[PlyCount "47"]
[EventDate "1979.03.18"]

1. d4 Nf6 2. c4 e6 3. Nc3 d5 4. Nf3 Be7 5. Bg5 O-O 6. e3 Nbd7 7. Rc1 a6 8. cxd5
exd5 9. Bd3 c6 10. O-O Re8 11. h3 Nf8 12. Qc2 Ng6 13. Bxf6 Bxf6 14. b4 Be7 15.
Rb1 Bd6 16. Na4 Qf6 17. Nb6 Bxh3 18. Nxa8 Bg4 19. Nh2 Bxh2+ 20. Kxh2 Qh4+ 21.
Kg1 Bf3 22. Be2 Bxg2 23. Kxg2 Qg5+ 24. Kh2 1/2-1/2

[Event "III Torneo Banco di Roma"]
[Site "Roma ITA"]
[Date "1979.03.??"]
[Round "11"]
[White "Tatai, Stefano"]
[Black "Cappello, Renato"]
[Result "1-0"]
[WhiteElo "2475"]
[BlackElo "2405"]
[PlyCount "113"]
[EventDate "1979.03.18"]

1. Nf3 Nf6 2. g3 d6 3. Bg2 e5 4. c4 g6 5. d4 Nbd7 6. O-O Bg7 7. Qc2 O-O 8. Rd1
Re8 9. dxe5 dxe5 10. e4 c6 11. h3 Qc7 12. Be3 b6 13. Nc3 Bb7 14. Rd2 Nf8 15.
Rad1 h6 16. b4 Ne6 17. Qa4 Bf8 18. a3 Kh7 19. Qb3 Be7 20. Qb2 Rad8 21. Rxd8
Rxd8 22. Rxd8 Bxd8 23. Na4 Nd7 24. c5 bxc5 25. Nxc5 Nexc5 26. bxc5 Ba6 27. Qd2
g5 28. h4 f6 29. Bh3 Nf8 30. Kg2 Be7 31. Bf5+ Kg7 32. hxg5 hxg5 33. Nh2 Bc8 34.
Bxc8 Qxc8 35. Qa5 Qd7 36. Nf3 Ne6 37. Kh2 Kg6 38. Kg2 Bd8 39. Qc3 Be7 40. Qxe5
Nf8 41. Qc3 Qe6 42. Qc2 Qc8 43. e5+ Kh5 44. Qd1 Kg6 45. Qb1+ Qf5 46. Qxf5+ Kxf5
47. Nd4+ Kxe5 48. Nxc6+ Ke6 49. Nxa7 Kd5 50. c6 Ne6 51. a4 Bc5 52. Bxc5 Kxc5
53. Kf3 f5 54. Ke3 Nc7 55. Nb5 Nd5+ 56. Kf3 g4+ 57. Ke2 1-0